| 000 | 00873nam a22002417a 4500 | ||
|---|---|---|---|
| 999 |
_c63806 _d63806 |
||
| 005 | 20240530110700.0 | ||
| 008 | 171225s2015 ua a g b 000 0dara d | ||
| 017 |
_a2014/22541 _bمصر. دار الكتب |
||
| 020 | _a9789777189651 | ||
| 040 |
_aEG-CaGPL _cEG-CaGPL |
||
| 082 | 0 | 4 |
_221 _a901\ _bم د |
| 100 | 1 | _aمونسلو ، الون | |
| 245 | 1 | 0 |
_aدراسة تفكيكية للتاريخ / _cتأليف الون مونسلو ؛ ترجمة قاسم عبده قاسم . |
| 250 | _aط.1 | ||
| 260 |
_aالقاهرة : _bالمركز القومى للترجمة ، _c2015 . |
||
| 300 |
_a302 ص. ؛ _c24 سم. |
||
| 490 |
_aالمركز القومى للترجمة ؛ _v2583 |
||
| 650 | 0 | 7 |
_2qrmak _aالتاريخ |
| 651 | _2qrmak | ||
| 700 | 0 |
_aقاسم عبده قاسم _eمترجم |
|
| 942 |
_2ddc _cBK |
||